El poema de la pampa

Gardado en:
Detalles Bibliográficos
Autor Principal: Salaverría, José María (Author)
Formato: Libro
Idioma:Lingua castelá
Publicado: Madrid Casa Editorial Calleja 1918
Series:Biblioteca Calleja. Primera Serie
Subjects:
Tags: Engadir etiqueta
Sen Etiquetas, Sexa o primeiro en etiquetar este rexistro!

MARC

LEADER 00000nam a2200000 a 4500
001 UCT5565
003 CL-VaPUC
008 961216e19180000SP |||||||||||||||||spa|d
082 0 4 |a Ar861  |b SAL  |2 21 
100 0 |a Salaverría, José María  |e author  |9 375119 
245 1 3 |a El poema de la pampa 
300 |a 238 p 
942 |c BK 
945 |d 19961216 00:00:00  |a nastorga 
260 |a Madrid  |b Casa Editorial Calleja  |c 1918 
650 0 |a Poesía argentina  |9 265575 
583 |a last modification  |c 19961216 00:00:00  |k Rodrigo Vera 
490 0 |a Biblioteca Calleja. Primera Serie 
999 |c 254469  |d 254467 
952 |0 0  |1 0  |4 0  |6 AR_861_000000000000000_SAL_1918  |7 0  |8 A  |9 276163  |a BIBEDU  |b BIBEDU  |d 2019-11-19  |i 3259447  |o Ar861 SAL 1918  |p 3259447  |r 2019-11-19  |w 2019-11-19  |y BK  |k LIT